000 00672nam a2200253 4500
001 2533005
003 ARRUPE
005 20131210124953.0
008 700918s1970 enk 001 0 eng
010 _a 73503765
015 _aB70-06522
020 _a0710066554
035 _a(OCoLC)ocm00097832
040 _aDLC
_cDLC
_dUKM
_dZCU
050 0 _aSPC DT515.4
_b.A53
082 _a301.41/2/096694
100 1 _aAndreski, Iris.
_95356
245 1 0 _aOld wives' tales:
_blife-stories from Ibibioland.
260 _aLondon,
_bRoutledge & K. Paul,
_c1970.
300 _a190 p.
_c23 cm.
650 0 _aWomen, Ibibio.
_95357
942 _2lcc
_cMONOGRAPH
999 _c119143
_d119143